|
|
|
|
| LEADER |
00000nab a2200000 a 4500 |
| 001 |
vtls000359010 |
| 003 |
SK-MaSNL |
| 005 |
20260304082738.0 |
| 008 |
250424c1989 xo 0 slo |
| 015 |
|
|
|a SNBRB19rr/mm-uuuuu
|
| 035 |
|
|
|a CL0359132
|
| 035 |
|
|
|a urn:nbn:sk:snk-ab2n14
|
| 035 |
|
|
|a (urnnbn)urn:nbn:sk:snk:ar-a02nqq
|
| 035 |
|
|
|a (uuid)0ceef467-c834-4dc4-b6c8-8409fa82043e
|
| 040 |
|
|
|a SNKBUCL
|b slo
|c SNKBUCL
|e AACR2
|
| 041 |
0 |
|
|a slo
|
| 044 |
|
|
|a xo
|c SK
|
| 080 |
|
|
|a 7.072
|2 1981
|
| 080 |
|
|
|a 7.096.071.2
|2 1981
|
| 080 |
|
|
|a 929 Tkáč, Štefan
|2 1981
|
| 100 |
1 |
|
|a Adamčiaková, Zlatica
|4 aut
|9 9725
|
| 245 |
1 |
0 |
|a Za Štefanom Tkáčom
|c Zlatica Adamčiaková ; Štefan Tkáč
|
| 600 |
1 |
7 |
|a Tkáč, Štefan,
|d 1931-1989
|2 snkbucl
|9 38979
|
| 655 |
|
7 |
|a články z novín a časopisov
|2 snkbucl
|9 267496
|
| 773 |
0 |
|
|t Múzeum
|g Roč. 34, č. 2 (1989), s. 94
|
| 850 |
|
|
|a Slovenská národná knižnica
|
| 852 |
|
|
|a Slovenská národná knižnica
|
| 954 |
|
|
|a odborná, vedecká literatúra pôvodná (slovenská)
|2 lita
|
| 958 |
|
|
|a article27
|
| 958 |
|
|
|a BX
|
| 958 |
|
|
|a OND
|
| 958 |
|
|
|a EUIPO
|
| 992 |
|
|
|a RBX
|
| 999 |
|
|
|c 2798102
|d 2800032
|